Wars involving Iceland - Statistics

General Stats
  • This quiz has been taken 53 times
  • The average score is 6 of 11
Answer Stats
Hint Answer % Correct
1940-1945 (230 killed) World War II
95%
1914-1918 (144 killed) World War I
90%
1803-1815 (very few casualties) Napoleonic Wars
71%
2003-2004 (1 wounded) Iraq War
66%
2003-2014 (4 wounded) War in Afghanistan
61%
1958-1976 (1 killed) Cod Wars
54%
1220-1264 (~250 killed) Age of the Sturlungs
37%
1538-1550 (~20 killed) Icelandic Reformation
34%
1940 (1 killed) British Invasion of Iceland
27%
1003-1010 (26 killed) Battle of Vinland
24%
1627 (50 killed) Turkish Abductions
20%
No matching quizzes found
Score Distribution
Percent of People with Each Score
Percentile by Number Answered
Your Score History
You have not taken this quiz